000 00600nam a22001817a 4500
999 _c20216
_d20216
008 240503b ||||| |||| 00| 0 eng d
020 _a9786214183005
082 _aDFil 658.405
_bD713 2023
100 _aDomingo, Christian G.
_945718
245 _aDispute resolution & crisis management /
_cChristian G. Domingo.
250 _aSecond edition.
260 _aQuezon :
_bWiseman's Books Trading, Inc.,
_c©2023.
300 _aix, 167 pages :
_billustrations ;
_c23 cm.
500 _aIncludes references.
650 _aCrisis management.
_956897
650 _a Management.
_956898
942 _2ddc
_cDFIL